Biblioteca y Centro de Documentación

Vista normal Vista MARC

Entrada Nombre corporativo

Número de registros utilizados en: 10

001 - NÚMERO DE CONTROL

  • Campo de control: 40227

003 - IDENTIFICADOR DE NÚMERO DE CONTROL

  • Campo de control: ES-MaCES

005 - FECHA Y HORA DE LA ULTIMA MODIFICACION

  • Campo de control: 20220712141122.0

008 - ELEMENTOS DE DATOS DE LONGITUD FIJA

  • Campo de longitud fija: 220314|| azz||aabn | a|a d

040 ## - FUENTE DE LA CATALOGACIÓN

  • Agencia original de catalogación: ES-MaCES

110 1# - ENCABEZAMIENTO--NOMBRE CORPORATIVO

  • Nombre corporativo o de jurisdicción como elemento de entrada: España
  • Unidad subordinada: Real Decreto-Ley de medidas urgentes para la reforma laboral, la garantía de la estabilidad en el empleo y la transformación del mercado de trabajo, 2021

670 ## - FUENTE DE DATOS ENCONTRADOS

  • Fuente de citación: BOE, nº 313, de 30/12/2021
  • Información encontrada: Real Decreto-ley 32/2021, de 28 de diciembre
© CES, Consejo Económico y Social de España 2021